| 000 | 01473cam a22003614a 4500 | ||
|---|---|---|---|
| 001 | 14664913 | ||
| 005 | 20070621171525.0 | ||
| 008 | 061211s2006 stka b 001 0 eng | ||
| 010 | _a 2006048026 | ||
| 020 | _a9780443102080 | ||
| 020 | _a0443102082 | ||
| 035 | _a(DNLM)101295888 | ||
| 040 |
_aDNLM/DLC _cDLC _dDLC |
||
| 042 | _apcc | ||
| 050 | 0 | 0 |
_aRT120.E4 _bJ48 2007 |
| 060 | 1 | 0 |
_aWY 154 _bJ58e 2006 |
| 082 | 0 | 0 |
_a610.736 _222 _bJEV NR |
| 100 | 1 |
_aJevon, Philip. _920458 |
|
| 245 | 1 | 0 |
_aEmergency care and first aid for nurses : _cPhilip Jevon ; consultant editors, David F. Bowden, David Halliwell, Robin M. McMahon. _bA practical guide / |
| 260 |
_aEdinburgh : _bChurchill Livingstone/Elsevier, _cc2007. |
||
| 300 |
_a373 p. : _bill. ; _c19 cm. |
||
| 504 | _aIncludes bibliographical references and index. | ||
| 650 | 0 |
_aEmergency nursing. _920459 |
|
| 650 | 0 |
_aFirst aid in illness and injury. _920460 |
|
| 650 | 1 | 2 |
_aEmergency Nursing _xmethods. _920461 |
| 650 | 2 | 2 |
_aEmergency Treatment _xnursing. _920462 |
| 700 | 1 |
_aBowden, David F. _920463 |
|
| 700 | 1 |
_aHalliwell, David, _cMSc. _920464 |
|
| 700 | 1 |
_aMcMahon, Robin M. _920465 |
|
| 942 |
_2ddc _cNB |
||
| 999 |
_c10892 _d10892 |
||